Ч. 1; Учебник английского языка

Podrobná bibliografie
Parent link:Учебник английского языка: в 2 ч./ Н. А. Бонк, Г. А. Котий, Н. А. Лукьянова. Ч. 1.— 4-е изд., стер..— , 1963
Jazyk:angličtina
ruština
Vydáno: 1963
Vydání:4-е изд., стер.
Témata:
Médium: MixedMaterials Kniha
KOHA link:https://koha.lib.tpu.ru/cgi-bin/koha/opac-detail.pl?biblionumber=327316

MARC

LEADER 00000nam2a2200000 4500
001 327316
005 20231102003940.0
035 |a (RuTPU)RU\TPU\book\352976 
035 |a RU\TPU\book\352899 
090 |a 327316 
100 |a 20170127d1963 m y0rusy50 ca 
101 0 |a eng  |a rus 
102 |a RU 
105 |a a j 001zy 
200 0 |a Ч. 1 
205 |a 4-е изд., стер. 
210 |d 1963 
215 |a 684 с.  |c ил. 
320 |a Англо-русский словарь: с. 653-670 
461 1 |0 (RuTPU)RU\TPU\book\337259  |t Учебник английского языка  |o в 2 ч.  |f Н. А. Бонк, Г. А. Котий, Н. А. Лукьянова  |v Ч. 1  |e 4-е изд., стер.  |d 1963 
606 1 |a Английский язык  |x Учебные руководства и пособия  |x Учебные руководства и пособия для высшей школы  |2 stltpush  |3 (RuTPU)RU\TPU\subj\29071  |9 52483 
610 1 |a лексика 
610 1 |a грамматика 
610 1 |a словообразование 
610 1 |a произношение 
610 1 |a упражнения 
610 1 |a разговорная речь 
686 |a Ш143.21-923  |v LBC/SL-A  |2 rubbk 
801 0 |a RU  |b 63413507  |c 20011210  |g PSBO 
801 2 |a RU  |b 63413507  |c 20170131  |g PSBO 
942 |c BK